[Event "Hannover-ch U16"]
[Site "Lehrte"]
[Date "2006.10.14"]
[Round "1"]
[White "Walther, Jonas"]
[Black "Schroder, Michael"]
[Result "1-0"]
[WhiteElo "1695"]
[BlackElo "1090"]
[PlyCount "61"]
[EventDate "2006.10.14"]
[EventType "swiss"]
[EventRounds "7"]
[EventCountry "GER"]
[SourceTitle "EXT 2021"]
[Source "ChessBase"]
[SourceDate "2020.10.23"]
[SourceVersion "1"]
[SourceVersionDate "2020.10.23"]
[SourceQuality "1"]

1. e4 e5 2. Nf3 Nc6 3. Bc4 Bc5 4. c3 Nf6 5. d4 exd4 6. cxd4 Bb4+ 7. Bd2 Nxe4 8. Bxb4 Nxb4 9. Bxf7+ Kxf7 10. Qb3+ d5 11. Ne5+ Ke8 12. Qxb4 Qf6 13. 0-0 b6 14. Qb5+ c6 15. Qxc6+ Qxc6 16. Nxc6 Bd7 17. Ne5 Rc8 18. f3 Nf6 19. Nxd7 Kxd7 20. Nc3 Rhe8 21. Rfe1 a6 22. Re5 Kd6 23. Rae1 Rxe5 24. dxe5+ Ke6 25. exf6+ Kxf6 26. Nxd5+ Kg5 27. Re5+ Kh6 28. Re2 b5 29. g4 Rd8 30. Ne3 Re8 31. Nf5+ 1-0